[Event "NAYCC U18"]
[Site "Kingston CAN"]
[Date "2019.08.18"]
[Round "6.187"]
[White "Quiroga, Angel"]
[Black "Vettese, Nicholas"]
[Result "1-0"]
[WhiteElo "2053"]
[BlackElo "2295"]
[PlyCount "129"]
[GameId "2160767907849995"]
[EventDate "2019.08.16"]
[EventType "swiss"]
[EventRounds "9"]
[EventCountry "CAN"]
[SourceTitle "hb 2019"]

1. Nf3 Nf6 2. b3 c5 3. Bb2 d5 4. e3 Bf5 5. d3 Nc6 6. Nbd2 Qc7 7. Nh4 Bd7 8. Be2 e6 9. O-O Bd6 10. g3 Be5 11. c3 Bd6 12. e4 g5 13. Ng2 O-O-O 14. b4 cxb4 15. cxb4 Be5 16. Bxe5 Qxe5 17. Nf3 Qd6 18. Nxg5 Be8 19. b5 Nd4 20. Re1 Kb8 21. a4 h6 22. Nf3 dxe4 23. Nxd4 Qxd4 24. dxe4 Nxe4 25. Qxd4 Rxd4 26. Ne3 Nc3 27. Bc4 Bd7 28. Rec1 Rxc4 29. Nxc4 Ne2+ 30. Kg2 Nxc1 31. Ne5 Bxb5 32. axb5 Nb3 33. Rb1 f6 34. Nd7+ Kc7 35. Nxf6 Nd4 36. Rb4 Rd8 37. g4 Kb6 38. f4 Kc5 39. Ra4 e5 40. fxe5 Nxb5 41. h4 Ra8 42. g5 hxg5 43. hxg5 Nc7 44. Kf3 a5 45. Ke4 Ne6 46. Kf5 b5 47. Ra1 Ng7+ 48. Kg6 Ra7 49. Rd1 Ne6 50. Ne4+ Kc4 51. Kf6 Nf4 52. Nd6+ Kc5 53. Kf5 Nh5 54. Rc1+ Kd5 55. Nxb5 Ng7+ 56. Kg6 Re7 57. Nc7+ Ke4 58. Kf6 Rd7 59. Re1+ Kf4 60. Ne6+ Nxe6 61. Kxe6 Rg7 62. Kf6 Rg8 63. g6 a4 64. Kf7 Ra8 65. e6 1-0

[Event "CAN-ch U20"]
[Site "Toronto CAN"]
[Date "2019.08.08"]
[Round "1.1"]
[White "Vettese, Nicholas"]
[Black "Graif, William"]
[Result "1/2-1/2"]
[WhiteElo "2418"]
[BlackElo "2167"]
[PlyCount "109"]
[GameId "2160767907850141"]
[EventDate "2019.08.08"]
[EventType "swiss"]
[EventRounds "8"]
[EventCountry "CAN"]
[SourceTitle "hb 2019"]

1. e4 c5 2. Nf3 Nc6 3. d4 cxd4 4. Nxd4 g6 5. c4 Nf6 6. Nc3 d6 7. Be2 Nxd4 8. Qxd4 Bg7 9. Be3 O-O 10. Qd2 a5 11. O-O a4 12. f3 Qa5 13. Rac1 Be6 14. Rc2 Rfc8 15. Rfc1 h5 16. Bg5 Rc5 17. Be3 Rcc8 18. Nd5 Qxd2 19. Bxd2 Nxd5 20. cxd5 Rxc2 21. Rxc2 Rc8 22. Rxc8+ Bxc8 23. Bc3 Bxc3 24. bxc3 a3 25. Bb5 f5 26. h3 Kf7 27. Kf2 fxe4 28. fxe4 Kf6 29. Ke3 Ke5 30. Be8 h4 31. Kf3 g5 32. Bb5 b6 33. Ke3 e6 34. Bc4 exd5 35. Bxd5 Ba6 36. Kf3 Bf1 37. Kf2 Bd3 38. Ke3 Bc2 39. Kf3 Bd1+ 40. Ke3 b5 41. Kd2 Bh5 42. Ke3 Be8 43. Kf3 Bd7 44. Ke3 Bc8 45. Kf3 Bd7 46. Ke3 g4 47. hxg4 Bxg4 48. Bb3 Bh5 49. Bd5 Bd1 50. Kd2 Bg4 51. Ke3 Bh5 52. Bb3 Be8 53. Bd5 Bg6 54. Kf3 Bh5+ 55. Ke3 1/2-1/2

[Event "CAN-ch U20"]
[Site "Toronto CAN"]
[Date "2019.08.08"]
[Round "2.5"]
[White "Li, William"]
[Black "Vettese, Nicholas"]
[Result "1/2-1/2"]
[WhiteElo "2292"]
[BlackElo "2418"]
[PlyCount "75"]
[GameId "2160767907850155"]
[EventDate "2019.08.08"]
[EventType "swiss"]
[EventRounds "8"]
[EventCountry "CAN"]
[SourceTitle "hb 2019"]

1. d4 Nf6 2. c4 g6 3. Nc3 d5 4. cxd5 Nxd5 5. e4 Nxc3 6. bxc3 Bg7 7. Nf3 c5 8. Be3 Nc6 9. Qd2 Qa5 10. Rb1 a6 11. Rc1 Bg4 12. d5 Bxf3 13. gxf3 Rd8 14. Bh6 O-O 15. Bxg7 Kxg7 16. Qf4 Nd4 17. Bc4 Nb5 18. O-O Nd6 19. e5 Nxc4 20. Qxc4 Qc7 21. Rfe1 b5 22. Qe4 c4 23. Rcd1 Qc5 24. Qd4 Qxd4 25. Rxd4 Rd7 26. a4 Rfd8 27. axb5 axb5 28. Red1 g5 29. d6 Ra8 30. Rd5 Ra3 31. Rxb5 Rxc3 32. Rc5 exd6 33. exd6 Kf6 34. Kg2 Rd3 35. Rxd3 cxd3 36. Rd5 Ke6 37. Rxd3 Rxd6 38. Re3+ 1/2-1/2

[Event "CAN-ch U20"]
[Site "Toronto CAN"]
[Date "2019.08.09"]
[Round "3.5"]
[White "Vettese, Nicholas"]
[Black "Gao, Raymond"]
[Result "1-0"]
[WhiteElo "2418"]
[BlackElo "2154"]
[PlyCount "91"]
[GameId "2160767907850165"]
[EventDate "2019.08.08"]
[EventType "swiss"]
[EventRounds "8"]
[EventCountry "CAN"]
[SourceTitle "hb 2019"]

1. e4 c5 2. Nf3 d6 3. d4 cxd4 4. Nxd4 Nf6 5. Nc3 a6 6. Nb3 Nc6 7. Be3 e6 8. g4 b5 9. Bg2 Bb7 10. g5 Nd7 11. Qe2 Be7 12. h4 Nb6 13. a4 b4 14. a5 Nd7 15. Nb1 Nc5 16. N1d2 O-O 17. f4 f5 18. exf5 exf5 19. Bxc5 dxc5 20. Bxc6 Bxc6 21. Qe6+ Kh8 22. Qxc6 Rc8 23. Qe6 c4 24. Nxc4 Bxg5 25. hxg5 Re8 26. Qxe8+ Qxe8+ 27. Ne5 Rxc2 28. Rd1 Kg8 29. O-O Rxb2 30. Nd4 Qh5 31. Ndf3 Qe8 32. Rd7 Rc2 33. Rfd1 Rc8 34. Nd4 g6 35. Ndc6 Rxc6 36. Rd8 Rc8 37. Rxe8+ Rxe8 38. Rd6 Rc8 39. Rxa6 Rc1+ 40. Kf2 Ra1 41. Rb6 Rxa5 42. Rxb4 h6 43. Rb8+ Kh7 44. Rb7+ Kg8 45. gxh6 g5 46. h7+ 1-0

[Event "CAN-ch U20"]
[Site "Toronto CAN"]
[Date "2019.08.09"]
[Round "4.3"]
[White "Kang, Dorian"]
[Black "Vettese, Nicholas"]
[Result "0-1"]
[WhiteElo "2206"]
[BlackElo "2418"]
[PlyCount "60"]
[GameId "2160767907850174"]
[EventDate "2019.08.08"]
[EventType "swiss"]
[EventRounds "8"]
[EventCountry "CAN"]
[SourceTitle "hb 2019"]

1. e4 c5 2. Nf3 d6 3. d4 cxd4 4. Nxd4 Nf6 5. f3 Nc6 6. c4 e6 7. Be3 d5 8. Nxc6 bxc6 9. Nc3 Rb8 10. exd5 exd5 11. Qd2 Qa5 12. Bd3 Be6 13. cxd5 cxd5 14. O-O Bc5 15. Bxc5 Qxc5+ 16. Kh1 O-O 17. Na4 Qd6 18. Rac1 Rb4 19. Nc5 Rh4 20. g4 d4 21. Rf2 Bd5 22. Kg1 Re8 23. Nb3 Nxg4 24. fxg4 Rxg4+ 25. Kf1 Bxb3 26. Bf5 Qd5 27. Rg2 Qf3+ 28. Qf2 Bc4+ 29. Kg1 Rxg2+ 30. Qxg2 Qe3+ 0-1

[Event "CAN-ch U20"]
[Site "Toronto CAN"]
[Date "2019.08.10"]
[Round "5.2"]
[White "Vettese, Nicholas"]
[Black "Issani, Nameer"]
[Result "1/2-1/2"]
[WhiteElo "2418"]
[BlackElo "2257"]
[PlyCount "103"]
[GameId "2160767907850184"]
[EventDate "2019.08.08"]
[EventType "swiss"]
[EventRounds "8"]
[EventCountry "CAN"]
[SourceTitle "hb 2019"]

1. e4 e5 2. Nf3 Nc6 3. d4 exd4 4. Nxd4 Nf6 5. Nxc6 bxc6 6. Qe2 Qe7 7. Nc3 d5 8. exd5 cxd5 9. Nb5 Qxe2+ 10. Bxe2 Kd8 11. Bf4 Ne8 12. c4 c6 13. Nc3 Bb4 14. cxd5 Bxc3+ 15. bxc3 cxd5 16. c4 Nf6 17. cxd5 Re8 18. Be3 Ng4 19. Bxg4 Bxg4 20. O-O Kd7 21. Bf4 Bf5 22. Rfc1 Rac8 23. d6 Rxc1+ 24. Rxc1 Rc8 25. Rc7+ Rxc7 26. dxc7 Kc6 27. h4 h5 28. f3 a6 29. Kf2 g6 30. Ke3 Be6 31. Kd4 Kd7 32. a3 Kc6 33. Be5 f6 34. Bh2 Bf5 35. Kc4 Be6+ 36. Kb4 Kb6 37. Bd6 Kc6 38. Bf4 Kb6 39. Bh2 Bf5 40. Kc4 Kc6 41. Kd4 Be6 42. Ke4 Bf5+ 43. Ke3 Be6 44. Bf4 Bf5 45. Bh6 Kxc7 46. Bg7 Kc6 47. Bxf6 Kb6 48. Kf4 Kc6 49. g4 hxg4 50. fxg4 Bb1 51. Bb2 Kb7 52. g5 1/2-1/2

[Event "CAN-ch U20"]
[Site "Toronto CAN"]
[Date "2019.08.10"]
[Round "6.2"]
[White "Vettese, Nicholas"]
[Black "Rodrigue-Lemieux, Shawn"]
[Result "1/2-1/2"]
[WhiteElo "2418"]
[BlackElo "2331"]
[PlyCount "193"]
[GameId "2160767907850193"]
[EventDate "2019.08.08"]
[EventType "swiss"]
[EventRounds "8"]
[EventCountry "CAN"]
[SourceTitle "hb 2019"]

1. e4 c6 2. d4 d5 3. exd5 cxd5 4. Nf3 Nf6 5. Ne5 Nc6 6. Bb5 Bd7 7. Nxd7 Qxd7 8. c3 e6 9. Nd2 Bd6 10. O-O O-O 11. Bd3 Qc7 12. g3 Rab8 13. a4 a6 14. f4 b5 15. axb5 axb5 16. b4 Qb6 17. Kg2 Ra8 18. Rxa8 Rxa8 19. Qe2 Ra2 20. Bb1 Ra8 21. Bb2 Ne7 22. Bd3 Nf5 23. Rb1 Rb8 24. Ra1 Bf8 25. Nb3 Nd6 26. Nc5 Nc4 27. Bc1 Qc6 28. Ra6 Rb6 29. Rxb6 Qxb6 30. f5 Bxc5 31. bxc5 Qc6 32. fxe6 fxe6 33. Qf3 e5 34. Bxc4 bxc4 35. dxe5 Nd7 36. Bf4 Nxc5 37. Be3 Nd3 38. Kg1 Nxe5 39. Qf5 Nd7 40. Bd4 Nf8 41. h4 Qe6 42. Qg5 Qf7 43. Qd8 Qd7 44. Qb8 Qe7 45. Kh2 h6 46. Qc8 Qe2+ 47. Kg1 Qe6 48. Qb8 Qe7 49. Qc8 Qd6 50. Kh2 Qe6 51. Qb8 Qe7 52. Qc8 Qe2+ 53. Kg1 Qf3 54. Qc7 Qf7 55. Qe5 Ng6 56. Qd6 Ne7 57. Qb8+ Kh7 58. Qe5 Nc6 59. Qe3 Qg6 60. Bb6 Qb1+ 61. Kg2 Qf5 62. Bc5 Ne5 63. Bd4 Ng4 64. Qf3 Qe4 65. h5 g6 66. hxg6+ Kxg6 67. Qxe4+ dxe4 68. Kf1 Kf5 69. Ke2 h5 70. Kf1 Nf6 71. Kf2 Nd5 72. Bh8 Ke6 73. Bd4 Kd7 74. Ke2 Kc6 75. Kd2 Kb5 76. Kc2 Ka4 77. Bc5 Kb5 78. Bd4 Ne7 79. Kd2 Nf5 80. Be5 Ka4 81. Kc2 Ne3+ 82. Kd2 Ng4 83. Bh8 Kb3 84. Bg7 Nh2 85. Ke3 Nf1+ 86. Kxe4 Nxg3+ 87. Kf4 Ne2+ 88. Kg5 Nxc3 89. Kxh5 Kc2 90. Kg4 Kd3 91. Kf5 Nb5 92. Ke6 Ke4 93. Ba1 Nd4+ 94. Kd6 Nb3 95. Bh8 Kd3 96. Kd5 c3 97. Bxc3 1/2-1/2

[Event "CAN-ch U20"]
[Site "Toronto CAN"]
[Date "2019.08.11"]
[Round "7.3"]
[White "Huang, Youhe"]
[Black "Vettese, Nicholas"]
[Result "0-1"]
[WhiteElo "2126"]
[BlackElo "2418"]
[PlyCount "50"]
[GameId "2160767907850203"]
[EventDate "2019.08.08"]
[EventType "swiss"]
[EventRounds "8"]
[EventCountry "CAN"]
[SourceTitle "hb 2019"]

1. e4 d5 2. d4 dxe4 3. Nc3 Nf6 4. f3 exf3 5. Nxf3 e6 6. Bc4 Nbd7 7. O-O Nb6 8. Bb3 c5 9. Ne5 cxd4 10. Ne4 Qc7 11. Qxd4 Nxe4 12. Qxe4 f6 13. Ng4 Qc6 14. Qe2 Bc5+ 15. Kh1 Bd7 16. Be3 Bxe3 17. Nxe3 O-O-O 18. c4 Kb8 19. a4 a5 20. Nd1 e5 21. Qe1 Qc5 22. Qg3 Bc6 23. Nf2 Rd2 24. Qxg7 Rhd8 25. Rad1 Qxf2 0-1

[Event "CAN-ch U20"]
[Site "Toronto CAN"]
[Date "2019.08.11"]
[Round "8.2"]
[White "Hua, Eugene"]
[Black "Vettese, Nicholas"]
[Result "1-0"]
[WhiteElo "2415"]
[BlackElo "2418"]
[PlyCount "47"]
[GameId "2160767907850212"]
[EventDate "2019.08.08"]
[EventType "swiss"]
[EventRounds "8"]
[EventCountry "CAN"]
[SourceTitle "hb 2019"]

1. e4 Nf6 2. e5 Nd5 3. d4 d6 4. Nf3 g6 5. Be2 Bg7 6. O-O Nc6 7. c4 Nb6 8. exd6 cxd6 9. h3 O-O 10. Nc3 a5 11. Be3 Bf5 12. Rc1 a4 13. c5 dxc5 14. dxc5 a3 15. bxa3 Bxc3 16. Rxc3 Nd5 17. Rb3 Nxe3 18. Rxe3 Ra5 19. Qc1 Qa8 20. Rb3 Qa7 21. Qh6 g5 22. Nxg5 Qxc5 23. Rg3 Bg6 24. Bd3 1-0

[Event "Golden Horseshoe op"]
[Site "Mississauga CAN"]
[Date "2019.06.08"]
[Round "1.4"]
[White "Vettese, Nicholas"]
[Black "Loadman, Ian"]
[Result "1-0"]
[WhiteElo "2398"]
[BlackElo "2126"]
[PlyCount "45"]
[GameId "2160767907909452"]
[EventDate "2019.06.08"]
[EventType "swiss"]
[EventRounds "5"]
[EventCountry "CAN"]
[SourceTitle "hb 2019"]

1. e4 e5 2. Nf3 Nc6 3. d4 exd4 4. Nxd4 Nf6 5. Nxc6 bxc6 6. Qe2 Bc5 7. e5 Nd5 8. c4 Ne7 9. Be3 Bxe3 10. Qxe3 d5 11. exd6 cxd6 12. Be2 O-O 13. O-O d5 14. Rd1 Be6 15. Qc5 Re8 16. Nc3 Qc8 17. Rd2 Qb7 18. Rad1 Rad8 19. h3 Rd7 20. b4 Red8 21. Bf3 a6 22. Na4 h6 23. Qa5 1-0

[Event "Golden Horseshoe op"]
[Site "Mississauga CAN"]
[Date "2019.06.08"]
[Round "2.4"]
[White "Zheng, Kevin"]
[Black "Vettese, Nicholas"]
[Result "0-1"]
[WhiteElo "1942"]
[BlackElo "2398"]
[PlyCount "70"]
[GameId "2160767907909465"]
[EventDate "2019.06.08"]
[EventType "swiss"]
[EventRounds "5"]
[EventCountry "CAN"]
[SourceTitle "hb 2019"]

1. d4 Nf6 2. c4 g6 3. Nc3 d5 4. Bf4 c6 5. e3 Bg7 6. Rc1 O-O 7. Nf3 a6 8. h3 dxc4 9. Bxc4 b5 10. Be2 Nbd7 11. O-O Nb6 12. Ne5 Bb7 13. Bf3 Rc8 14. Qb3 Nfd7 15. Rfd1 Nxe5 16. dxe5 Qc7 17. e6 Be5 18. exf7+ Kg7 19. Ne4 Bxf4 20. Nc5 Bh2+ 21. Kh1 Qb8 22. Bg4 Be5 23. Bxc8 Bxc8 24. Ne6+ Bxe6 25. Qxe6 Rxf7 26. Rxc6 Bd6 27. Qg4 Nc4 28. Rc8 Qb7 29. h4 Rxf2 30. Rg1 Nxe3 31. Qd4+ Rf6 32. Rc3 Nf5 33. Qg4 h5 34. Qg5 Qe4 35. Rh3 Bf4 0-1

[Event "Golden Horseshoe op"]
[Site "Mississauga CAN"]
[Date "2019.06.09"]
[Round "4.2"]
[White "Vettese, Nicholas"]
[Black "Plotkin, Victor"]
[Result "1-0"]
[WhiteElo "2398"]
[BlackElo "2384"]
[PlyCount "55"]
[GameId "2160767907909488"]
[EventDate "2019.06.08"]
[EventType "swiss"]
[EventRounds "5"]
[EventCountry "CAN"]
[SourceTitle "hb 2019"]

1. e4 e5 2. Nf3 Nf6 3. Nxe5 d6 4. Nf3 Nxe4 5. d4 d5 6. Bd3 Be7 7. O-O O-O 8. c4 Nf6 9. Nc3 Nc6 10. cxd5 Nxd5 11. Re1 Be6 12. Be4 Re8 13. Qd3 h6 14. a3 Na5 15. Bd2 c6 16. Bh7+ Kh8 17. Rxe6 fxe6 18. Ne5 Rf8 19. Ng6+ Kxh7 20. Nxf8+ Kg8 21. Nxe6 Qd6 22. Nxd5 Qxd5 23. Nf4 Qf7 24. Ng6 Bd8 25. Ne5 Qd5 26. Qg6 Bc7 27. Ng4 Kf8 28. Bb4+ 1-0

[Event "Golden Horseshoe op"]
[Site "Mississauga CAN"]
[Date "2019.06.09"]
[Round "5.1"]
[White "Sambuev, Bator"]
[Black "Vettese, Nicholas"]
[Result "1/2-1/2"]
[WhiteElo "2560"]
[BlackElo "2398"]
[PlyCount "132"]
[GameId "2160767907909500"]
[EventDate "2019.06.08"]
[EventType "swiss"]
[EventRounds "5"]
[EventCountry "CAN"]
[SourceTitle "hb 2019"]

1. Nf3 Nf6 2. c4 g6 3. Nc3 d5 4. cxd5 Nxd5 5. h4 Bg7 6. h5 Nxc3 7. bxc3 c5 8. g3 b6 9. Bg2 Bb7 10. Qa4+ Qd7 11. Qxd7+ Nxd7 12. a4 Ne5 13. Nh4 Bxg2 14. Nxg2 Nc4 15. Kd1 O-O-O 16. Kc2 Rd5 17. d3 Na5 18. Bd2 Nc6 19. hxg6 hxg6 20. Rxh8+ Bxh8 21. Rh1 Bf6 22. g4 Rd8 23. g5 Rh8 24. Rg1 Bg7 25. Ne3 Kd7 26. Ng4 Ne5 27. Nh6 f5 28. a5 b5 29. a6 Nc6 30. Be3 c4 31. dxc4 bxc4 32. Rd1+ Ke6 33. Bf4 Rd8 34. Re1 Be5 35. Bc1 Rb8 36. f4 Bg7 37. e4 fxe4 38. Rxe4+ Kd5 39. Re3 e5 40. Rh3 exf4 41. Bxf4 Rb3 42. Re3 Be5 43. Bxe5 Nxe5 44. Ng8 Ra3 45. Ne7+ Kd6 46. Nc8+ Ke6 47. Nxa7 Rxa6 48. Nb5 Kf5 49. Nd4+ Kf4 50. Re1 Ng4 51. Rf1+ Kxg5 52. Nf3+ Kh6 53. Rh1+ Kg7 54. Rh4 Ra2+ 55. Kc1 Ne3 56. Nd4 Nd5 57. Nc2 Nxc3 58. Rxc4 Nd5 59. Rc5 Nf4 60. Kd2 Kf6 61. Ke3 g5 62. Nd4 Ra3+ 63. Ke4 Ra4 64. Rc6+ Kg7 65. Ke5 Ng6+ 66. Kd5 g4 1/2-1/2

[Event "CAN-ch"]
[Site "Kingston CAN"]
[Date "2019.04.18"]
[Round "1.10"]
[White "Vettese, Nicholas"]
[Black "Saha, Ananda"]
[Result "0-1"]
[WhiteElo "2323"]
[BlackElo "2073"]
[PlyCount "168"]
[GameId "2160767907906200"]
[EventDate "2019.04.18"]
[EventType "swiss"]
[EventRounds "9"]
[EventCountry "CAN"]

1. e4 c5 2. Nf3 d6 3. d4 cxd4 4. Nxd4 Nf6 5. Nc3 a6 6. Nb3 g6 7. Be2 Bg7 8. Be3 Nc6 9. g4 h6 10. f3 b5 11. Qd2 Bb7 12. O-O-O Rc8 13. h4 Ne5 14. g5 hxg5 15. hxg5 Rxh1 16. Rxh1 Nh5 17. Bd4 Kf8 18. Nd5 Bxd5 19. exd5 Qc7 20. c3 Ng3 21. Rh7 f6 22. f4 Nxe2+ 23. Qxe2 Qc4 24. Qe4 Qf1+ 25. Kc2 f5 26. Qe3 Qg2+ 27. Nd2 Nc4 28. Bxg7+ Kg8 29. Rh8+ Kf7 30. Qd4 Qe2 31. b3 Ne3+ 32. Kb2 Nd1+ 33. Kc1 Ne3 34. Rxc8 Qd1+ 35. Kb2 Qc2+ 36. Ka3 Qc1+ 37. Kb4 Nc2+ 38. Ka5 Nxd4 39. Bxd4 Qxd2 40. a3 Qa2 41. b4 Qxa3+ 42. Kb6 Qa2 43. Rc7 Ke8 44. Rc8+ Kd7 45. Rc7+ Kd8 46. Rb7 Qxd5 47. Rb8+ Kd7 48. Rb7+ Ke6 49. Kxa6 Qe4 50. Rxb5 Qxf4 51. Ra5 Qe4 52. b5 Qa8+ 53. Kb6 Qb8+ 54. Kc6 Qc8+ 55. Kb6 Kd5 56. Ka7 Qc7+ 57. Ka6 Qb8 58. Ra4 e5 59. Ba7 Qc8+ 60. Ka5 Qxc3+ 61. Rb4 Qa1+ 62. Ra4 Qc1 63. Rb4 Qc8 64. b6 Qb7 65. Kb5 Ke6 66. Rc4 Qd5+ 67. Kb4 f4 68. Rc7 Qd4+ 69. Rc4 Qb2+ 70. Ka5 Qa2+ 71. Ra4 Qd5+ 72. Ka6 Qb3 73. Ra5 Qc4+ 74. Rb5 Qc6 75. Rb1 Qa4+ 76. Kb7 Qe4+ 77. Ka6 Qxb1 78. b7 Qa2+ 79. Kb6 Qb3+ 80. Kc7 Qc3+ 81. Kb6 Qd4+ 82. Ka6 Qa4+ 83. Kb6 Qe8 84. Kc7 d5 0-1

[Event "CAN-ch"]
[Site "Kingston CAN"]
[Date "2019.04.19"]
[Round "2.12"]
[White "Tremblay, Rejean"]
[Black "Vettese, Nicholas"]
[Result "1-0"]
[WhiteElo "2146"]
[BlackElo "2323"]
[PlyCount "99"]
[GameId "2160767907906217"]
[EventDate "2019.04.18"]
[EventType "swiss"]
[EventRounds "9"]
[EventCountry "CAN"]

1. e4 c5 2. Nf3 d6 3. d4 cxd4 4. Nxd4 Nf6 5. Nc3 a6 6. Bg5 Nbd7 7. Qe2 Qa5 8. f4 e5 9. Nb3 Qc7 10. Nd5 Nxd5 11. exd5 b5 12. O-O-O h6 13. Bh4 g5 14. fxg5 Be7 15. Be1 hxg5 16. Ba5 Qa7 17. g3 f5 18. Bg2 Nf6 19. Bd2 Rg8 20. Na5 Qc5 21. Nc6 Qc4 22. Qxc4 bxc4 23. Na5 f4 24. Rde1 Bg4 25. Nxc4 f3 26. Bf1 Nxd5 27. Nxe5 dxe5 28. Bc4 Nf6 29. Bxg8 Nxg8 30. Rxe5 Bh3 31. Be3 O-O-O 32. Rd1 Rf8 33. Bf2 Rf7 34. Rd3 Nh6 35. Ree3 Bg2 36. Re6 Bf8 37. Re8+ Kb7 38. Rdd8 Ng4 39. Bd4 Bg7 40. Rb8+ Kc6 41. Rbc8+ Kd6 42. Bc5+ Kd5 43. c4+ Kxc4 44. Re4+ Kd3 45. Rxg4 f2 46. Rd8+ Ke2 47. Rd2+ Ke1 48. Rc4 Bxb2+ 49. Rxb2 a5 50. Kb1 1-0

[Event "CAN-ch"]
[Site "Kingston CAN"]
[Date "2019.04.19"]
[Round "3.16"]
[White "Vettese, Nicholas"]
[Black "Demchenko, Svitlana"]
[Result "1-0"]
[WhiteElo "2323"]
[BlackElo "2135"]
[PlyCount "135"]
[GameId "2160767907906239"]
[EventDate "2019.04.18"]
[EventType "swiss"]
[EventRounds "9"]
[EventCountry "CAN"]

1. e4 d5 2. exd5 Nf6 3. d4 Bg4 4. f3 Bf5 5. Nc3 Nxd5 6. Bc4 e6 7. Nge2 c6 8. O-O Bd6 9. Ne4 Bc7 10. Bg5 f6 11. Bd2 O-O 12. Bd3 Nd7 13. c4 Ne7 14. Bb4 Re8 15. Nd6 Bxd6 16. Bxd6 Bxd3 17. Qxd3 e5 18. Rad1 Ng6 19. Ba3 exd4 20. Nxd4 Nde5 21. Qc3 Qc7 22. g3 Rad8 23. f4 Ng4 24. Nf5 Rxd1 25. Rxd1 Nxf4 26. Qf3 Nh3+ 27. Kg2 Nhf2 28. Rd2 Qa5 29. Re2 Re5 30. Rxe5 Qxe5 31. Ne7+ Kf7 32. h3 Ne3+ 33. Kxf2 Nxc4 34. Nf5 g6 35. Nh6+ Kg7 36. Ng4 Qd4+ 37. Kg2 h5 38. Nf2 Ne3+ 39. Kh2 Nf1+ 40. Kg1 Ne3 41. Qe4 Qxe4 42. Nxe4 f5 43. Nd6 b6 44. Nc8 Nc4 45. Nxa7 c5 46. Nb5 Kf6 47. b3 Nd2 48. Bb2+ Ke6 49. Nc3 c4 50. b4 Nf3+ 51. Kf2 Ne5 52. Ba3 Nd3+ 53. Ke3 Ke5 54. Na4 b5 55. Nc3 f4+ 56. gxf4+ Nxf4 57. Nxb5 Nxh3 58. Bb2+ Kd5 59. Nc3+ Kc6 60. Ne4 g5 61. Bf6 Nf4 62. a3 Nd5+ 63. Kd4 g4 64. b5+ Kxb5 65. Kxd5 Ka4 66. Be7 h4 67. Kxc4 g3 68. Bb4 1-0

[Event "CAN-ch"]
[Site "Kingston CAN"]
[Date "2019.04.20"]
[Round "4"]
[White "Tanaka, Tyler"]
[Black "Vettese, Nicholas"]
[Result "1-0"]
[WhiteElo "2067"]
[BlackElo "2323"]
[PlyCount "151"]
[GameId "2160767907906243"]
[EventDate "2019.04.18"]
[EventType "swiss"]
[EventRounds "9"]
[EventCountry "CAN"]
[SourceTitle "CBM 190 Extra"]
[Source "ChessBase"]
[SourceDate "2019.07.15"]
[SourceVersion "1"]
[SourceVersionDate "2019.07.15"]
[SourceQuality "1"]

1. e4 c5 2. Nf3 d6 3. d4 cxd4 4. Nxd4 Nf6 5. Nc3 a6 6. h3 e6 7. g4 b5 8. a3 Bb7 9. Bg2 Nfd7 10. Be3 Nb6 11. Qe2 Nc4 12. O-O Nxe3 13. Qxe3 Qb6 14. Rad1 Nd7 15. Rfe1 Ne5 16. b3 Be7 17. f4 O-O 18. Kh1 Nd7 19. f5 e5 20. Nd5 Bxd5 21. exd5 Bh4 22. Nc6 Bxe1 23. Qxe1 f6 24. b4 Rfe8 25. Qe2 Rac8 26. c4 Rc7 27. Rc1 bxc4 28. Qxc4 Nb8 29. Rd1 Kf8 30. Qb3 Rec8 31. Rd2 Rb7 32. Qc3 Rd7 33. Qb3 e4 34. Bxe4 Re8 35. Qd3 Nxc6 36. dxc6 Rdd8 37. Qd4 Qb5 38. Kg2 Re7 39. Qd5 Qb6 40. Qd4 Qb5 41. Qd5 Qb8 42. Bf3 Re5 43. Qc4 Qb6 44. Bd5 Rc8 45. Rc2 Qb5 46. Be6 Rc7 47. Bd7 Re3 48. Qd4 Qe5 49. Qxe5 fxe5 50. a4 Rb3 51. Rc4 Ke7 52. g5 h6 53. gxh6 gxh6 54. Rh4 d5 55. Rxh6 e4 56. Re6+ Kf7 57. Rd6 Rxb4 58. Rxd5 Rxa4 59. Kf2 Kf6 60. Ke3 Rc4 61. Ra5 Ra7 62. h4 Ra8 63. Kf4 Ra7 64. h5 Ra8 65. h6 Ra7 66. Rd5 Ra8 67. Rd6+ Ke7 68. Re6+ Kf7 69. Rg6 Rc1 70. h7 Rh8 71. Be6+ Ke7 72. Bg8 Kd8 73. Kxe4 a5 74. Ke5 Rh1 75. Rg7 R8xh7 76. c7+ 1-0

[Event "CAN-ch"]
[Site "Kingston CAN"]
[Date "2019.04.20"]
[Round "5.15"]
[White "Vettese, Nicholas"]
[Black "Javidfard, Amirsalar"]
[Result "1-0"]
[WhiteElo "2323"]
[BlackElo "2024"]
[PlyCount "79"]
[GameId "2160767907906273"]
[EventDate "2019.04.18"]
[EventType "swiss"]
[EventRounds "9"]
[EventCountry "CAN"]
[SourceTitle "hb 2019"]

1. e4 c5 2. Nf3 Nc6 3. d4 cxd4 4. Nxd4 g6 5. c4 Nf6 6. Nc3 Nxd4 7. Qxd4 d6 8. Be3 Bg7 9. f3 O-O 10. Qd2 a5 11. b3 a4 12. b4 a3 13. Rc1 Be6 14. Be2 Nd7 15. O-O Nb6 16. Nd5 Bxd5 17. cxd5 f5 18. exf5 Rxf5 19. g4 Re5 20. f4 Rxd5 21. Bc4 e6 22. Bxd5 Nxd5 23. Bf2 Qf6 24. Rc4 Qb2 25. Be1 Kh8 26. Rf2 Qb1 27. Re2 g5 28. Rxe6 Nxf4 29. Rxd6 Bf8 30. Qd1 Qxa2 31. Rc2 Qf7 32. Bc3+ Kg8 33. Qd4 Nh3+ 34. Kg2 Nf4+ 35. Kg3 Ng6 36. Rf6 Qb3 37. Rxg6+ hxg6 38. Rf2 Bd6+ 39. Kg2 Bf4 40. Qg7# 1-0

[Event "CAN-ch"]
[Site "Kingston CAN"]
[Date "2019.04.21"]
[Round "6.12"]
[White "Kang, Dorian"]
[Black "Vettese, Nicholas"]
[Result "0-1"]
[WhiteElo "2035"]
[BlackElo "2323"]
[PlyCount "104"]
[GameId "2160767907906288"]
[EventDate "2019.04.18"]
[EventType "swiss"]
[EventRounds "9"]
[EventCountry "CAN"]
[SourceTitle "hb 2019"]

1. e4 c5 2. Nf3 d6 3. d4 cxd4 4. Nxd4 Nf6 5. Nc3 a6 6. Bc4 e6 7. Bb3 Nbd7 8. O-O Nc5 9. Qe2 Be7 10. a4 Nxb3 11. cxb3 O-O 12. Rd1 e5 13. Nf3 Be6 14. Bg5 Bxb3 15. Rd2 Qb6 16. Bxf6 Bxf6 17. Nd5 Bxd5 18. Rxd5 Rac8 19. Rb1 Qb4 20. b3 Be7 21. Nd2 Rc2 22. Qd1 Rc5 23. Nc4 b5 24. axb5 axb5 25. Rxc5 dxc5 26. Nxe5 Qxe4 27. Nf3 Rd8 28. Qf1 Qd3 29. Ne5 Qxf1+ 30. Kxf1 Bf6 31. Nf3 Kf8 32. Ke2 Ke7 33. Rd1 Rxd1 34. Kxd1 Kd6 35. Kd2 Kd5 36. h3 c4 37. bxc4+ Kxc4 38. Kc2 Bc3 39. Ng5 f6 40. Ne4 b4 41. Nd6+ Kd5 42. Nf5 g6 43. Ne3+ Ke4 44. Nf1 Be1 45. f3+ Kd4 46. Kd1 Bc3 47. Kc2 f5 48. g3 g5 49. g4 f4 50. Nh2 Ke3 51. h4 h6 52. hxg5 hxg5 0-1

[Event "CAN-ch"]
[Site "Kingston CAN"]
[Date "2019.04.21"]
[Round "7.7"]
[White "Yang, Kaiqi"]
[Black "Vettese, Nicholas"]
[Result "1-0"]
[WhiteElo "2505"]
[BlackElo "2323"]
[PlyCount "113"]
[GameId "2160767907906302"]
[EventDate "2019.04.18"]
[EventType "swiss"]
[EventRounds "9"]
[EventCountry "CAN"]

1. c4 c5 2. Nf3 Nc6 3. d4 cxd4 4. Nxd4 Nf6 5. Nc3 e5 6. Nc2 Bc5 7. Be3 Qb6 8. Bxc5 Qxc5 9. e3 O-O 10. Be2 Rd8 11. Nd5 Nxd5 12. cxd5 Ne7 13. e4 d6 14. Qd2 f5 15. f3 Ng6 16. Ne3 Nf4 17. Bf1 fxe4 18. fxe4 Rf8 19. Rc1 Qb6 20. g3 Ng6 21. Bg2 Bd7 22. Nc4 Qa6 23. Qa5 Qxa5+ 24. Nxa5 Rac8 25. Ke2 b6 26. Nc6 a6 27. Rc3 Kf7 28. Rf1+ Ke8 29. Rfc1 Ne7 30. b4 Nxc6 31. dxc6 Be6 32. a4 b5 33. axb5 axb5 34. Ke3 Kd8 35. c7+ Ke7 36. Bf1 Rxf1 37. Rxf1 Bc4 38. Ra1 Rxc7 39. Rca3 Kf6 40. Ra7 Rxa7 41. Rxa7 d5 42. exd5 Bxd5 43. Rd7 Bc4 44. Ke4 h6 45. h4 Kg6 46. Kxe5 Kh7 47. Rb7 Kg6 48. Kd4 Kf6 49. Kc5 h5 50. Rxb5 Bxb5 51. Kxb5 Kf5 52. Kc4 Kg4 53. b5 Kxg3 54. b6 Kxh4 55. b7 Kh3 56. b8=Q g5 57. Qe5 1-0

[Event "CAN-ch"]
[Site "Kingston CAN"]
[Date "2019.04.22"]
[Round "8.13"]
[White "Vettese, Nicholas"]
[Black "Huang, Qiuyu"]
[Result "1-0"]
[WhiteElo "2323"]
[BlackElo "2145"]
[PlyCount "67"]
[GameId "2160767907959571"]
[EventDate "2019.04.18"]
[EventType "swiss"]
[EventRounds "9"]
[EventCountry "CAN"]
[SourceTitle "hb 2019"]

1. e4 c5 2. Nf3 Nc6 3. d4 cxd4 4. Nxd4 e5 5. Nb5 d6 6. Bc4 h6 7. O-O Nf6 8. Re1 Be7 9. N5c3 O-O 10. Nd5 Nxd5 11. Bxd5 Be6 12. Nc3 Na5 13. Re3 Qd7 14. Rg3 Bh4 15. Rd3 Rad8 16. b3 Be7 17. Ba3 Bg4 18. f3 Bh5 19. Qd2 b5 20. Ne2 Qc7 21. Rd1 Bg5 22. Qe1 Bg6 23. Kh1 Qxc2 24. f4 exf4 25. Rc3 Qxa2 26. Ra1 Bh4 27. Qd1 Qxa1 28. Qxa1 Bf6 29. Bb4 Nxb3 30. Bxb3 Bxe4 31. Qf1 Bxc3 32. Nxc3 Bc6 33. Qxf4 a5 34. Bxd6 1-0